00708 2200241 4500001002100000005001500021035002000036007000300056008004100059020003900100020003000139082000800169084001400177100002200191245009100213260004600304300003600350990001600386990001600402990001600418990001600434990001600450INLIS00000000000012520230905092512 a0010-0723000008ta230905 0  a978-602-244-322-3 (no.jil.lengkap) a978-602-244-660-6 (jil.3) a410 a410 KUS b0 aKusmayadi, Ismail1 aBuku Panduan Guru Cerdas Cergas Berbahasa dan Bersastra Indonesia SMA/SMK/MA Kelas XII aJakarta Selatan :bKemdikbudristek,c2022 aviii + 304 hlm. ;c17,6 x 25 cm a00000006654 a00000006655 a00000006656 a00000006657 a00000006658